[Event "XVIII Festival Conca della Presolana Magistrale"]
[Site "Bratto - Castione della Presolana ITA"]
[Date "1998.08.??"]
[Round "?"]
[White "Trentini, Danilo"]
[Black "Ragonese, Lucio Rosario"]
[Result "0-1"]
[WhiteElo "2165"]
[BlackElo "2035"]
[PlyCount "166"]
[EventDate "1998.08.22"]

1. d4 g6 2. Nf3 Bg7 3. c4 d6 4. Nc3 Nf6 5. e4 O-O 6. Be2 Nbd7 7. O-O c5 8. d5
a6 9. Bf4 Nh5 10. Be3 Nhf6 11. Nd2 Ne5 12. h3 Ne8 13. f4 Nd7 14. Nf3 Qa5 15.
Bd2 Qd8 16. Bd3 Nc7 17. a4 e5 18. f5 Nf6 19. g4 h6 20. Kg2 g5 21. h4 Nh7 22.
hxg5 Nxg5 23. Rh1 f6 24. a5 Bd7 25. Nh4 Kf7 26. Ng6 Rg8 27. Qe1 Ke8 28. Qh4 Qb8
29. Qe1 b5 30. axb6 Qxb6 31. Qb1 Rb8 32. Bc1 Qb4 33. Qc2 Kf7 34. Ra3 Rb7 35.
Kf1 Rgb8 36. Nh4 Qb6 37. Qh2 a5 38. Kf2 Qa7 39. Nf3 Rh8 40. Ke3 Be8 41. Bc2 Qa6
42. Nd2 Ke7 43. Ba4 Bxa4 44. Nxa4 Rb4 45. Nc3 Rhb8 46. b3 Qb6 47. Na2 Qa7 48.
Ke2 R4b6 49. Bb2 Qb7 50. Nc1 Ra8 51. Ra4 Rb4 52. Rxb4 cxb4 53. Nd3 a4 54. Ra1
a3 55. Bc1 Na6 56. Qg2 Rh8 57. Nf1 h5 58. gxh5 Rxh5 59. Qg4 Rh3 60. Bxg5 Rxd3
61. Kxd3 fxg5 62. Qxg5+ Bf6 63. Qg8 Nc5+ 64. Kc2 Nd7 65. Qe6+ Kd8 66. Qxd6 Be7
67. Qc6 Qa7 68. c5 Nxc5 69. Nd2 Nd7 70. Qc4 Qf2 71. Rf1 Qg2 72. f6 Bf8 73. Qc6
Bh6 74. Qa8+ Kc7 75. d6+ Kb6 76. Qd8+ Ka6 77. Qc8+ Kb6 78. Qc7+ Ka6 79. Qc6+
Nb6 80. Rd1 Bxd2 81. Rxd2 Qf1 82. d7 a2 83. d8=Q Qb1# 0-1

[Event "XVIII Festival Conca della Presolana Magistrale"]
[Site "Bratto - Castione della Presolana ITA"]
[Date "1998.08.??"]
[Round "?"]
[White "Vancini, Edoardo"]
[Black "Belakovskaia, Anjelina"]
[Result "0-1"]
[WhiteElo "2260"]
[BlackElo "2380"]
[PlyCount "126"]
[EventDate "1998.08.22"]

1. e4 c5 2. c3 Nf6 3. e5 Nd5 4. d4 cxd4 5. Nf3 Nc6 6. Bc4 Nb6 7. Bb3 d5 8. exd6
Qxd6 9. O-O d3 10. Na3 Bf5 11. Nb5 Qd8 12. Nfd4 Nxd4 13. Nxd4 Be4 14. a4 Qd6
15. Re1 Qg6 16. f3 Bc6 17. Nxc6 bxc6 18. a5 Nd7 19. Bc4 e6 20. Bxd3 Bc5+ 21.
Kh1 Qf6 22. Ra4 Rd8 23. Bf4 Bf2 24. Bc7 Nc5 25. Rf4 Qxf4 26. Bxf4 Nxd3 27. Bc7
Bxe1 28. Qa4 Rd7 29. Qxc6 Ke7 30. b4 Rc8 31. Bd6+ Kd8 32. Qa6 Rxc3 33. g3 Rc1
34. Kg2 Nxb4 35. Bxb4 Bxb4 36. Qb5 Be7 37. Qb2 Rc5 38. Qxg7 Rxa5 39. Qxf7 Rdd5
40. Qxh7 Ra2+ 41. Kh3 Rdd2 42. Kg4 Rxh2 43. Qd3+ Ke8 44. Qg6+ Kd7 45. Qd3+ Bd6
46. Qb5+ Ke7 47. f4 Rh8 48. Qb7+ Kf6 49. Qc6 Rg8+ 50. Kh3 Be7 51. f5 Kxf5 52.
Qf3+ Kg6 53. Qe4+ Kf6 54. Qf4+ Kg7 55. Qg4+ Kf7 56. Qf3+ Bf6 57. Qb7+ Kf8 58.
Qc8+ Kg7 59. Qb7+ Kh6 60. Qf7 Rg6 61. Qf8+ Kh7 62. Qc5 Bg7 63. g4 Ra4 0-1

[Event "XVIII Festival Conca della Presolana Magistrale"]
[Site "Bratto - Castione della Presolana ITA"]
[Date "1998.08.??"]
[Round "?"]
[White "Vancini, Edoardo"]
[Black "Lantini, Marco"]
[Result "1-0"]
[WhiteElo "2260"]
[BlackElo "2145"]
[PlyCount "47"]
[EventDate "1998.08.22"]

1. d4 Nf6 2. Bg5 d6 3. Bxf6 gxf6 4. e3 Bf5 5. Ne2 Qd7 6. c4 Nc6 7. Ng3 h5 8.
Nxf5 Qxf5 9. Nc3 h4 10. Bd3 Qa5 11. a3 Bh6 12. b4 Qg5 13. Qf3 a5 14. O-O axb4
15. axb4 O-O 16. Nd5 f5 17. b5 Rxa1 18. Rxa1 Nd8 19. Qxf5 Qxf5 20. Nxe7+ Kh8
21. Nxf5 Bg5 22. Ra8 Ne6 23. Rxf8+ Nxf8 24. b6 1-0

[Event "XVIII Festival Conca della Presolana Magistrale"]
[Site "Bratto - Castione della Presolana ITA"]
[Date "1998.08.??"]
[Round "?"]
[White "Vancini, Edoardo"]
[Black "Moncelli, Giorgio"]
[Result "1-0"]
[WhiteElo "2260"]
[BlackElo "2170"]
[PlyCount "61"]
[EventDate "1998.08.22"]

1. d4 d5 2. e4 dxe4 3. Nc3 Nf6 4. f3 e3 5. Bxe3 Bf5 6. Qd2 e6 7. O-O-O c6 8. g4
Bg6 9. h4 h5 10. Bg5 Nbd7 11. Nge2 hxg4 12. fxg4 Bb4 13. Qf4 Nb6 14. Bg2 Bd6
15. Qf3 Be7 16. h5 Bh7 17. h6 gxh6 18. Rxh6 Ng8 19. Bxe7 Qxe7 20. Rh3 O-O-O 21.
Rdh1 Qg5+ 22. Qf4 Qg7 23. Qe5 Qxg4 24. Qxh8 Qg5+ 25. Kb1 Nf6 26. Rg3 Qf5 27.
Rxh7 Rxh8 28. Rxh8+ Kc7 29. Rh1 Nc4 30. Rc1 Ng4 31. Bh3 1-0

[Event "XVIII Festival Conca della Presolana Magistrale"]
[Site "Bratto - Castione della Presolana ITA"]
[Date "1998.08.??"]
[Round "?"]
[White "Vancini, Edoardo"]
[Black "Soprano, Paolo"]
[Result "0-1"]
[WhiteElo "2260"]
[BlackElo "2028"]
[PlyCount "98"]
[EventDate "1998.08.22"]

1. e4 e6 2. d4 d5 3. Nd2 Nf6 4. e5 Nfd7 5. c3 c5 6. Bd3 Nc6 7. Ne2 cxd4 8. cxd4
f6 9. exf6 Nxf6 10. O-O Bd6 11. Nf3 Qc7 12. g3 O-O 13. Bf4 Nh5 14. Bxd6 Qxd6
15. Nc3 g6 16. Re1 Qe7 17. Bf1 Qf6 18. Bg2 Ng7 19. Qd2 Nf5 20. Rad1 h6 21. g4
Nh4 22. Nxh4 Qxh4 23. Re3 Qg5 24. h3 Qf4 25. f3 g5 26. Ne2 Qd6 27. Rf1 b6 28.
Qd3 Kg7 29. f4 gxf4 30. Ref3 Nb4 31. Qa3 Ba6 32. R1f2 Bxe2 33. Rxe2 a5 34. Re5
Rad8 35. Qc3 Rc8 36. Qe1 Nc2 37. Qf2 Rc4 38. Rxf4 Nxd4 39. Rxf8 Qxf8 40. Qe3
Qc5 41. Kh1 Rc1+ 42. Kh2 Qc7 43. Qg3 Rc2 44. Kh1 Ne2 45. Qe3 d4 46. Qxe2 Rxe2
47. Rxe2 d3 48. Rxe6 Qc1+ 49. Kh2 Qf4+ 0-1

[Event "XVIII Festival Conca della Presolana Magistrale"]
[Site "Bratto - Castione della Presolana ITA"]
[Date "1998.08.??"]
[Round "?"]
[White "Zinani, Alessandro"]
[Black "Capece, Adolivio"]
[Result "1-0"]
[WhiteElo "2145"]
[BlackElo "2015"]
[PlyCount "79"]
[EventDate "1998.08.22"]

1. d4 Nf6 2. Nf3 c5 3. e3 g6 4. Bd3 Bg7 5. O-O d6 6. c4 Nc6 7. h3 Nb4 8. Be2
Bf5 9. Na3 O-O 10. Bd2 Qb6 11. Bc3 Ne4 12. Nd2 Nxc3 13. bxc3 Nc6 14. g4 Bd7 15.
Rb1 Qc7 16. f4 Nd8 17. Bf3 Bc6 18. d5 Bd7 19. Qb3 Qa5 20. Rbc1 a6 21. Be2 h6
22. e4 f5 23. Nab1 b5 24. gxf5 gxf5 25. Kh2 b4 26. cxb4 Qxb4 27. Qg3 Qb2 28.
Rg1 Qf6 29. e5 dxe5 30. fxe5 Qg5 31. Qxg5 hxg5 32. e6 Bxe6 33. dxe6 Nxe6 34.
Bf3 Rab8 35. Bd5 Kf7 36. Rce1 Rb6 37. Rxe6 Rxe6 38. Re1 Rh8 39. Rxe6 Ke8 40.
Rxa6 1-0

[Event "XVIII Festival Conca della Presolana Magistrale"]
[Site "Bratto - Castione della Presolana ITA"]
[Date "1998.08.??"]
[Round "?"]
[White "Zinani, Alessandro"]
[Black "Ferretti, Folco"]
[Result "1/2-1/2"]
[WhiteElo "2145"]
[BlackElo "2265"]
[PlyCount "74"]
[EventDate "1998.08.22"]

1. d4 Nf6 2. Nf3 d5 3. Bf4 c5 4. e3 Nc6 5. c3 Qb6 6. Qb3 c4 7. Qxb6 axb6 8.
Nbd2 b5 9. Be2 e6 10. O-O b4 11. Ne5 Bd7 12. e4 Be7 13. Nxd7 Kxd7 14. Be5 Ra5
15. exd5 exd5 16. cxb4 Nxb4 17. a3 Rha8 18. Rac1 Nc6 19. Bf3 Ne8 20. Rfd1 Rb5
21. Nb1 f6 22. Bg3 Rxb2 23. Bxd5 b5 24. Re1 Bd6 25. a4 bxa4 26. Rxc4 Rb6 27.
Be6+ Kd8 28. Bf7 Ne7 29. Bxe8 Kxe8 30. Bxd6 Rxd6 31. Nc3 Kf8 32. Nxa4 Nf5 33.
Nc5 Kf7 34. Nb3 Rb8 35. Rc7+ Kg6 36. Nc5 Nxd4 37. h3 Rc6 1/2-1/2

[Event "XVIII Festival Conca della Presolana Magistrale"]
[Site "Bratto - Castione della Presolana ITA"]
[Date "1998.08.??"]
[Round "?"]
[White "Zinani, Alessandro"]
[Black "Gorelli Fagiolini, Marco"]
[Result "1/2-1/2"]
[WhiteElo "2145"]
[BlackElo "2235"]
[PlyCount "131"]
[EventDate "1998.08.22"]

1. d4 Nf6 2. Nf3 g6 3. Bf4 Bg7 4. e3 O-O 5. Nbd2 d6 6. h3 Nbd7 7. Bc4 Qe8 8.
O-O e5 9. dxe5 Nxe5 10. Nxe5 dxe5 11. Bg5 Nd7 12. e4 Nc5 13. c3 Be6 14. Qe2
Bxc4 15. Qxc4 Ne6 16. Bh4 Kh8 17. Nf3 f6 18. Rfd1 b5 19. Qb3 Qc6 20. Qd5 Qb6
21. b4 Nf4 22. Qb3 c5 23. bxc5 Qxc5 24. Rd2 Qc6 25. Re1 Rac8 26. Bg3 Ne6 27.
Qa3 Nc5 28. Qxa7 Rc7 29. Qa5 Ra8 30. Qb4 h5 31. c4 bxc4 32. Qxc4 Kh7 33. Qc2
Ra4 34. Rde2 Rca7 35. Qb2 Qa6 36. Qc2 Ne6 37. Qb3 Rxa2 38. Rxa2 Qxa2 39. Qb4
Qa6 40. Qb3 Qa2 41. Qb8 Rd7 42. Qe8 Rd8 43. Qf7 Rf8 44. Qe7 Qa6 45. Bxe5 fxe5
46. Qxe6 Qxe6 47. Ng5+ Kg8 48. Nxe6 Re8 49. Nc7 Rc8 50. Nd5 Rc4 51. f3 Bf8 52.
Rb1 Bc5+ 53. Kh2 h4 54. Nf6+ Kg7 55. Ng4 Bd4 56. Rd1 Rc2 57. f4 Bf2 58. Rd7+
Kf8 59. Nxf2 Rxf2 60. fxe5 Re2 61. Rd4 Re1 62. Rd6 Kg7 63. Rd7+ Kf8 64. Rd4 Kg7
65. Ra4 Kf7 66. Rd4 1/2-1/2

[Event "XVIII Festival Conca della Presolana Magistrale"]
[Site "Bratto - Castione della Presolana ITA"]
[Date "1998.08.??"]
[Round "?"]
[White "Zinani, Alessandro"]
[Black "Ricci, Alfredo"]
[Result "1-0"]
[WhiteElo "2145"]
[BlackElo "1962"]
[PlyCount "90"]
[EventDate "1998.08.22"]

1. d4 Nf6 2. Nf3 e6 3. Bf4 c5 4. e3 Qb6 5. Qc1 cxd4 6. exd4 Nc6 7. c3 Be7 8.
Bd3 d6 9. Na3 Bd7 10. O-O Rc8 11. Nc4 Qc7 12. Re1 O-O 13. Qd2 Rfe8 14. Re2 Bf8
15. Bg5 Nd5 16. Ne3 Nxe3 17. Bxe3 Ne7 18. Qc2 h6 19. Rae1 b5 20. a3 a5 21. Qb3
Rb8 22. Rc1 d5 23. Ne5 a4 24. Qc2 g6 25. Qd2 h5 26. Bf4 Qc8 27. g4 hxg4 28.
Nxg4 Bg7 29. Be5 Nf5 30. Bxg7 Kxg7 31. Bxf5 Rh8 32. Bd3 Qd8 33. Qe3 Rh5 34. f3
Qh4 35. Rg2 Rbh8 36. Rf1 Rg5 37. Rff2 f6 38. Qf4 Rf8 39. Qc7 Rf7 40. Qg3 Qh8
41. f4 Rh5 42. Ne3 g5 43. fxg5 Rxg5 44. Qf4 Rxg2+ 45. Rxg2+ Kf8 1-0

[Event "XVIII Festival Conca della Presolana Magistrale"]
[Site "Bratto - Castione della Presolana ITA"]
[Date "1998.08.??"]
[Round "?"]
[White "Zoldan, Matteo"]
[Black "Battaggia, Piergiorgio"]
[Result "1/2-1/2"]
[WhiteElo "2115"]
[BlackElo "2070"]
[PlyCount "41"]
[EventDate "1998.08.22"]

1. e4 c5 2. Nf3 d6 3. d4 cxd4 4. Nxd4 Nf6 5. Nc3 a6 6. Be3 e5 7. Nb3 Be7 8. f3
Qc7 9. Qd2 Be6 10. g4 Nbd7 11. O-O-O Nb6 12. h4 Nfd7 13. g5 O-O-O 14. Kb1 Kb8
15. Nd5 Bxd5 16. exd5 f5 17. Rc1 h6 18. g6 Rhf8 19. c4 Nc5 20. Nxc5 Qxc5 21. h5
1/2-1/2

[Event "XVIII Festival Conca della Presolana Magistrale"]
[Site "Bratto - Castione della Presolana ITA"]
[Date "1998.08.??"]
[Round "?"]
[White "Zoldan, Matteo"]
[Black "Di Lazzaro, Gabriele"]
[Result "1-0"]
[WhiteElo "2115"]
[BlackElo "2005"]
[PlyCount "89"]
[EventDate "1998.08.22"]

1. e4 Nc6 2. Nc3 e5 3. Bc4 Nf6 4. d3 Na5 5. Nge2 Nxc4 6. dxc4 Be7 7. Qd3 d6 8.
Ng3 O-O 9. f3 c6 10. Be3 Qa5 11. O-O-O a6 12. Bg5 Rd8 13. Kb1 b5 14. Nf5 Bxf5
15. exf5 bxc4 16. Qxc4 Rab8 17. Bxf6 Bxf6 18. Ne4 Be7 19. Qxc6 d5 20. Nc3 Ba3
21. b3 Rdc8 22. Rxd5 Qxc3 23. Rd8+ Bf8 24. Qxc3 Rxd8 25. Qxe5 Rb5 26. Qe2 Ba3
27. c4 Rxf5 28. Rd1 Rf8 29. g4 Rf6 30. Rd5 h6 31. Kc2 Kh7 32. h4 Bb4 33. Qe4+
g6 34. c5 a5 35. f4 Rc8 36. h5 Bxc5 37. Kd3 Bb4 38. hxg6+ Rxg6 39. Qf5 Rc3+ 40.
Kd4 Kg7 41. a3 Rf6 42. Qe5 Rxb3 43. axb4 Rxb4+ 44. Ke3 Rbxf4 45. Qxf4 1-0

[Event "XVIII Festival Conca della Presolana Magistrale"]
[Site "Bratto - Castione della Presolana ITA"]
[Date "1998.08.??"]
[Round "?"]
[White "Zoldan, Matteo"]
[Black "Machin, Guillaume"]
[Result "1/2-1/2"]
[WhiteElo "2115"]
[BlackElo "2045"]
[PlyCount "54"]
[EventDate "1998.08.22"]

1. e4 c5 2. Nf3 Nc6 3. d4 cxd4 4. Nxd4 Nf6 5. Nc3 e5 6. Ndb5 d6 7. Bg5 a6 8.
Na3 b5 9. Nd5 Be7 10. Bxf6 Bxf6 11. c3 O-O 12. Nc2 Bg5 13. a4 bxa4 14. Rxa4 a5
15. Bc4 Rb8 16. b3 Kh8 17. O-O Bd7 18. Ra2 f5 19. exf5 Bxf5 20. Nce3 Bg6 21.
Be2 e4 22. Nc4 Bf7 23. f4 exf3 24. Bxf3 Ne5 25. Nxe5 dxe5 26. Re1 Re8 27. Rae2
Qd6 1/2-1/2

[Event "XVIII Festival Conca della Presolana Magistrale"]
[Site "Bratto - Castione della Presolana ITA"]
[Date "1998.08.??"]
[Round "?"]
[White "Zoldan, Matteo"]
[Black "Rossi, Carlo"]
[Result "0-1"]
[WhiteElo "2115"]
[BlackElo "2355"]
[PlyCount "50"]
[EventDate "1998.08.22"]

1. c4 Nc6 2. Nc3 Ne5 3. e4 c5 4. d3 e6 5. f4 Nc6 6. Be3 Nf6 7. e5 Ng8 8. Nge2
Nh6 9. Ng3 d6 10. Nce4 d5 11. Nf2 f6 12. exf6 Qxf6 13. Be2 Bd6 14. O-O O-O 15.
Bf3 Qf7 16. Qb3 Na5 17. Qa4 b6 18. Nh3 Bd7 19. Qc2 Nf5 20. Nxf5 Qxf5 21. Qe2 h6
22. Rae1 Rad8 23. b3 Nc6 24. Qf2 Nb4 25. g4 Qg6 0-1

[Event "XVIII Festival Conca della Presolana Magistrale"]
[Site "Bratto - Castione della Presolana ITA"]
[Date "1998.08.??"]
[Round "1"]
[White "Astengo, Corrado"]
[Black "Drazic, Sinisa"]
[Result "0-1"]
[WhiteElo "2160"]
[BlackElo "2495"]
[PlyCount "64"]
[EventDate "1998.08.22"]

1. e4 e6 2. d4 c5 3. Nf3 cxd4 4. Nxd4 a6 5. Nc3 b5 6. Bd3 Qb6 7. Nb3 Bb7 8. Be3
Qc7 9. O-O Nf6 10. f4 d6 11. Qf3 Nbd7 12. Rae1 Be7 13. a3 h5 14. Bd4 h4 15. Qh3
Nh5 16. e5 Nxf4 17. Rxf4 dxe5 18. Bg6 fxg6 19. Qxe6 Qd6 20. Qxd6 Bxd6 21. Rg4
Kf7 22. Bf2 h3 23. gxh3 Nf6 24. Rg3 e4 25. Rge3 Rac8 26. Kg2 Bf4 27. Na5 Ba8
28. Bg3 g5 29. R3e2 e3+ 30. Kg1 Rxh3 31. Rf1 Bxg3 32. hxg3 Rh1# 0-1

[Event "XVIII Festival Conca della Presolana Magistrale"]
[Site "Bratto - Castione della Presolana ITA"]
[Date "1998.08.??"]
[Round "2"]
[White "Machin, Guillaume"]
[Black "Astengo, Corrado"]
[Result "0-1"]
[WhiteElo "2045"]
[BlackElo "2160"]
[PlyCount "60"]
[EventDate "1998.08.22"]

1. e4 c5 2. Nf3 d6 3. d4 Nf6 4. Nc3 cxd4 5. Nxd4 a6 6. Be3 e5 7. Nb3 Be6 8. f3
d5 9. exd5 Nxd5 10. Nxd5 Qxd5 11. Qxd5 Bxd5 12. O-O-O Bc6 13. Bc4 b5 14. Bd5
Bxd5 15. Rxd5 Nc6 16. Nc5 Be7 17. Rhd1 Ra7 18. g4 h5 19. g5 g6 20. Kb1 Ra8 21.
h4 O-O 22. Nd7 Rfd8 23. Bb6 Re8 24. Nxe5 Bd8 25. Bxd8 Nxe5 26. Bc7 Nxf3 27. Bg3
Re4 28. Rh1 Rae8 29. a3 Rg4 30. Rh3 Ng1 0-1

[Event "XVIII Festival Conca della Presolana Magistrale"]
[Site "Bratto - Castione della Presolana ITA"]
[Date "1998.08.??"]
[Round "2"]
[White "Malfagia, Andrea"]
[Black "Efimov, Igor"]
[Result "1-0"]
[WhiteElo "2350"]
[BlackElo "2530"]
[PlyCount "73"]
[EventDate "1998.08.22"]

1. d4 Nf6 2. c4 e6 3. Nc3 Bb4 4. Bg5 c5 5. d5 h6 6. Bh4 e5 7. e3 d6 8. Bd3
Bxc3+ 9. bxc3 Nbd7 10. Ne2 Qe7 11. Qb1 b6 12. Ng3 Qf8 13. f4 Ng4 14. O-O Nxe3
15. Qb5 Bb7 16. Nf5 a6 17. Qa4 Nxf1 18. Rxf1 g5 19. fxg5 hxg5 20. Bxg5 f6 21.
Nxd6+ Qxd6 22. Rxf6 b5 23. Bg6+ Ke7 24. Re6+ Kf8 25. Qd1 Qxe6 26. dxe6 Kg7 27.
exd7 Kxg6 28. d8=Q Raxd8 29. Bxd8 Rh7 30. Qg4+ Kf7 31. Qd7+ Kg8 32. Qe8+ Kg7
33. Qxe5+ Kf7 34. Qf5+ Kg8 35. Bf6 Rf7 36. Qg5+ Kh7 37. Qh5+ 1-0

[Event "XVIII Festival Conca della Presolana Magistrale"]
[Site "Bratto - Castione della Presolana ITA"]
[Date "1998.08.??"]
[Round "3"]
[White "Astengo, Corrado"]
[Black "Bellia, Fabrizio"]
[Result "0-1"]
[WhiteElo "2160"]
[BlackElo "2330"]
[PlyCount "66"]
[EventDate "1998.08.22"]

1. e4 e5 2. Nf3 Nc6 3. Bb5 a6 4. Ba4 Nf6 5. Qe2 b5 6. Bb3 d6 7. c3 Be7 8. O-O
O-O 9. h3 Na5 10. Bc2 c5 11. d3 Re8 12. Bg5 h6 13. Be3 Bf8 14. Nbd2 Bb7 15.
Rfd1 d5 16. Nf1 Qc7 17. Ng3 c4 18. dxc4 dxe4 19. Nd2 Nxc4 20. Ndxe4 Nxe4 21.
Nxe4 f5 22. Nd2 Nxb2 23. Rdb1 Na4 24. Bxa4 bxa4 25. Qc4+ Qxc4 26. Nxc4 Be4 27.
Rb6 f4 28. Bd2 Bc5 29. Rb2 a3 30. Rb3 Bd5 31. Nb6 Bxb3 32. Nxa8 Bc4 33. Nc7 Rc8
0-1

[Event "XVIII Festival Conca della Presolana Magistrale"]
[Site "Bratto - Castione della Presolana ITA"]
[Date "1998.08.??"]
[Round "3"]
[White "Gofshtein, Leonid D."]
[Black "Malfagia, Andrea"]
[Result "1-0"]
[WhiteElo "2500"]
[BlackElo "2350"]
[PlyCount "57"]
[EventDate "1998.08.22"]

1. e4 e6 2. d4 d5 3. Nc3 Bb4 4. Nge2 Nf6 5. e5 Nfd7 6. f4 f6 7. Ng3 c5 8. a3
Bxc3+ 9. bxc3 O-O 10. Bd3 cxd4 11. cxd4 Qb6 12. Qh5 f5 13. Ne2 Nc6 14. c3 Qa5
15. Bd2 b6 16. g4 Ba6 17. c4 Qa4 18. gxf5 Bxc4 19. Nc3 Qb3 20. Bb1 exf5 21.
Bxf5 Rxf5 22. Qxf5 Nxd4 23. Qxd7 Qb2 24. Rg1 Nf3+ 25. Kf2 Nxg1 26. Rd1 d4 27.
Qxd4 Nh3+ 28. Kg3 Be6 29. f5 1-0

[Event "XVIII Festival Conca della Presolana Magistrale"]
[Site "Bratto - Castione della Presolana ITA"]
[Date "1998.08.??"]
[Round "4"]
[White "Bossi, Alessandro"]
[Black "Astengo, Corrado"]
[Result "0-1"]
[WhiteElo "2110"]
[BlackElo "2160"]
[PlyCount "81"]
[EventDate "1998.08.22"]

1. e4 c5 2. Nf3 d6 3. d4 Nf6 4. dxc5 Nxe4 5. cxd6 e6 6. Nbd2 Nxd6 7. Bd3 Nc6 8.
Qe2 Nb4 9. Be4 Nxe4 10. Nxe4 b6 11. O-O Ba6 12. c4 Qd3 13. Qxd3 Nxd3 14. b3 Bb7
15. Nc3 Be7 16. Rd1 Rd8 17. Bg5 Bxf3 18. Bxe7 Kxe7 19. gxf3 Nb2 20. Re1 Rd2 21.
Ne4 Rd4 22. Re2 Nd3 23. Nc3 Rhd8 24. Re4 Nc5 25. Rxd4 Rxd4 26. Re1 Rd2 27. Re2
Rxe2 28. Nxe2 Kd6 29. Nd4 a6 30. Kg2 Nd3 31. Ne2 Kc5 32. a3 Ne1+ 33. Kg3 Nc2
34. Kf4 Nxa3 35. Ke5 Nc2 36. Nc1 Ne1 37. Ke4 Kb4 38. Ke3 Kc3 39. Ke2 Nc2 40.
Nd3 Nd4+ 41. Ke3 0-1

[Event "XVIII Festival Conca della Presolana Magistrale"]
[Site "Bratto - Castione della Presolana ITA"]
[Date "1998.08.??"]
[Round "4"]
[White "Malfagia, Andrea"]
[Black "Natalucci, Fabrizio"]
[Result "0-1"]
[WhiteElo "2350"]
[BlackElo "2215"]
[PlyCount "91"]
[EventDate "1998.08.22"]

1. e4 c5 2. Nf3 d6 3. d4 cxd4 4. Nxd4 Nf6 5. Nc3 g6 6. Be3 Bg7 7. f3 Nc6 8. Qd2
O-O 9. O-O-O Bd7 10. g4 Ne5 11. Kb1 Rc8 12. h4 h5 13. gxh5 Nxh5 14. Rg1 Nc4 15.
Bxc4 Rxc4 16. Nde2 Be6 17. Rg5 Kh7 18. Rdg1 Bf6 19. Rb5 Qd7 20. Qd3 Rfc8 21.
Bd4 a6 22. Rxh5+ gxh5 23. Bxf6 exf6 24. Nd5 Bxd5 25. exd5+ f5 26. Nd4 Rxd4 27.
Qxd4 Rg8 28. Rxg8 Kxg8 29. b3 Qe7 30. Kb2 Qe5 31. Qxe5 dxe5 32. Kc3 e4 33. fxe4
fxe4 34. Kd4 f5 35. Ke3 Kf7 36. Kf4 Ke7 37. c4 Kd6 38. b4 b6 39. a3 b5 40. c5+
Kxd5 41. Ke3 Ke5 42. Ke2 f4 43. Ke1 f3 44. Kf1 e3 45. Ke1 Kd5 46. Kd1 0-1

[Event "XVIII Festival Conca della Presolana Magistrale"]
[Site "Bratto - Castione della Presolana ITA"]
[Date "1998.08.??"]
[Round "5"]
[White "Astengo, Corrado"]
[Black "Efimov, Igor"]
[Result "0-1"]
[WhiteElo "2160"]
[BlackElo "2530"]
[PlyCount "78"]
[EventDate "1998.08.22"]

1. e4 c5 2. Nf3 Nc6 3. d4 cxd4 4. Nxd4 Nf6 5. Nc3 d6 6. f4 Bd7 7. Be3 g6 8. Be2
Bg7 9. Qd2 O-O 10. h3 Nxd4 11. Bxd4 Bc6 12. Bf3 e5 13. fxe5 dxe5 14. Bc5 Qxd2+
15. Kxd2 Rfc8 16. Be3 b5 17. a3 a5 18. Bc5 Bb7 19. b4 Bh6+ 20. Ke1 axb4 21.
Bxb4 Rc4 22. Rd1 Nxe4 23. Nxe4 Bxe4 24. Bxe4 Rxe4+ 25. Kf2 Bf8 26. Bxf8 Kxf8
27. Rd5 Rxa3 28. Rxb5 Rc3 29. Rc1 h5 30. Rd5 Ke7 31. Rd3 Rec4 32. Rd2 Ke6 33.
Ke2 f5 34. Kd1 e4 35. Ra1 e3 36. Re2 Ke5 37. Ra6 g5 38. g3 f4 39. gxf4+ gxf4
0-1

[Event "XVIII Festival Conca della Presolana Magistrale"]
[Site "Bratto - Castione della Presolana ITA"]
[Date "1998.08.??"]
[Round "5"]
[White "Giretti Kanev, Jasen"]
[Black "Malfagia, Andrea"]
[Result "0-1"]
[WhiteElo "2150"]
[BlackElo "2350"]
[PlyCount "78"]
[EventDate "1998.08.22"]

1. c4 g6 2. Nc3 Bg7 3. g3 Nf6 4. Bg2 O-O 5. Nf3 d6 6. d3 e5 7. O-O c6 8. Qb3
Na6 9. Rb1 Nc5 10. Qa3 Ne6 11. b4 Nh5 12. b5 c5 13. Ne1 Kh8 14. Bd2 f5 15. Nc2
f4 16. Nd5 Bd7 17. Nc3 b6 18. Bxa8 Qxa8 19. Ne4 Bc8 20. f3 fxg3 21. hxg3 Bb7
22. Kg2 Nd4 23. Nxd4 exd4 24. Rh1 d5 25. cxd5 Bxd5 26. Rh3 Be5 27. Rbh1 Rf7 28.
Ng5 Re7 29. Ne4 Qg8 30. Bg5 Rf7 31. Qc1 Qe8 32. g4 Bxe4 33. dxe4 Nf6 34. f4
Nxg4 35. fxe5 Qxe5 36. Qc2 Qxg5 37. Rg3 Ne3+ 38. Kh2 Rf2+ 39. Kg1 Qxg3# 0-1

[Event "XVIII Festival Conca della Presolana Magistrale"]
[Site "Bratto - Castione della Presolana ITA"]
[Date "1998.08.??"]
[Round "6"]
[White "Lapiccirella, Mattia"]
[Black "Astengo, Corrado"]
[Result "1/2-1/2"]
[WhiteElo "2030"]
[BlackElo "2160"]
[PlyCount "37"]
[EventDate "1998.08.22"]

1. d4 Nf6 2. c4 e6 3. Nc3 Bb4 4. Qc2 c5 5. dxc5 Na6 6. a3 Qa5 7. Bd2 Nxc5 8. e3
Bxc3 9. Bxc3 Qa4 10. Bd3 Nxd3+ 11. Qxd3 Qc6 12. f3 b6 13. Ne2 Ba6 14. b3 d5 15.
cxd5 Bxd3 16. dxc6 Rc8 17. Bxf6 gxf6 18. Rc1 e5 19. Kf2 1/2-1/2

[Event "XVIII Festival Conca della Presolana Magistrale"]
[Site "Bratto - Castione della Presolana ITA"]
[Date "1998.08.??"]
[Round "6"]
[White "Malfagia, Andrea"]
[Black "Esposito, Luca"]
[Result "0-1"]
[WhiteElo "2350"]
[BlackElo "2200"]
[PlyCount "64"]
[EventDate "1998.08.22"]

1. d4 Nf6 2. c4 e6 3. Nc3 Bb4 4. Bg5 h6 5. Bh4 c5 6. d5 b5 7. dxe6 fxe6 8. cxb5
d5 9. e3 Qa5 10. Bxf6 gxf6 11. Qc2 Ke7 12. Nge2 e5 13. O-O-O Be6 14. a3 Bxc3
15. Nxc3 d4 16. Ne4 Nd7 17. Bc4 Bxc4 18. Qxc4 Rhb8 19. Ng3 Qxb5 20. Nf5+ Kf8
21. Qxb5 Rxb5 22. Rhe1 Rab8 23. Re2 Nb6 24. Rc2 Na4 25. Rdd2 Rb3 26. exd4 exd4
27. Nxh6 d3 28. Rc4 Nxb2 29. Rg4 Rc3+ 30. Kb1 Nc4+ 31. Ka1 Rxa3+ 32. Ra2 d2 0-1

[Event "XVIII Festival Conca della Presolana Magistrale"]
[Site "Bratto - Castione della Presolana ITA"]
[Date "1998.08.??"]
[Round "7"]
[White "Bosio, Devis"]
[Black "Malfagia, Andrea"]
[Result "1/2-1/2"]
[WhiteElo "1975"]
[BlackElo "2350"]
[PlyCount "77"]
[EventDate "1998.08.22"]

1. e4 e6 2. d4 d5 3. Nd2 Nf6 4. e5 Nfd7 5. Bd3 c5 6. c3 Nc6 7. Ne2 cxd4 8. cxd4
f6 9. exf6 Nxf6 10. Nf3 Bd6 11. O-O O-O 12. Bf4 Nh5 13. Bxd6 Qxd6 14. Ng3 Nf4
15. Re1 h6 16. Rc1 Bd7 17. Bb1 g5 18. Ne5 Be8 19. Nxc6 bxc6 20. Re5 Rb8 21. b3
Rb7 22. Ne2 Ng6 23. Bxg6 Bxg6 24. Rc3 Rbf7 25. f3 Rf5 26. Rxf5 exf5 27. Nc1 f4
28. Nd3 Bxd3 29. Qxd3 Qe6 30. Kf2 Re8 31. Rc1 Kg7 32. Qd2 Kf6 33. Re1 Qxe1+ 34.
Qxe1 Rxe1 35. Kxe1 Ke6 36. b4 Kd6 37. Kd2 Kc7 38. Kc3 Kb6 39. a4 1/2-1/2

[Event "XVIII Festival Conca della Presolana Magistrale"]
[Site "Bratto - Castione della Presolana ITA"]
[Date "1998.08.??"]
[Round "8"]
[White "Malfagia, Andrea"]
[Black "Piantoni, Roberto"]
[Result "1/2-1/2"]
[WhiteElo "2350"]
[BlackElo "2185"]
[PlyCount "48"]
[EventDate "1998.08.22"]

1. d4 Nf6 2. c4 c5 3. d5 b5 4. cxb5 a6 5. bxa6 Bxa6 6. Nc3 g6 7. e4 Bxf1 8.
Kxf1 d6 9. g4 Qc8 10. f3 Bg7 11. Kg2 Nbd7 12. Nh3 c4 13. Be3 Nc5 14. Nf2 Rb8
15. Na4 Nxa4 16. Qxa4+ Qd7 17. Qxc4 Rxb2 18. Rab1 Nxg4 19. Bd4 Bxd4 20. Qxd4
Rxf2+ 21. Qxf2 Nxf2 22. Rb8+ Qd8 23. Rxd8+ Kxd8 24. Kxf2 Kd7 1/2-1/2